000 01012nac a22002771i 4500
003 EG-ScBUE
005 20251207100635.0
008 250817t1989 ne a f b 001 0 eng d
020 _a0444874577
040 _aEG-ScBUE
_beng
_erda
_cEG-ScBUE
_dEG-ScBUE
082 0 4 _a547
_bDES
_222
100 1 _aDesiraju, G. R.
_q(Gautam R.),
_eauthor.
245 1 0 _aCrystal engineering :
_bthe design of organic solids /
_cGautam R. Desiraju, School of Chemistry, University of Hyderabad, P.O. Central University, Hyderabad 500 134, India.
264 1 _aAmsterdam :
_bElsevier,
_c[1989]
264 4 _cc1989
300 _axiv, 312 pages :
_billustrations ;
_c25 cm.
336 _2rdacontent
_atext
_btxt
337 _aunmediated
_2rdamedia
_bn
338 _avolume
_bnc
_2rdacarrier
490 0 _aMaterials science monographs ;
_v54
504 _aIncludes bibliographical references and index.
650 7 _aOrganic solid state chemistry.
_2BUEsh
650 7 _aCrystals.
_2BUEsh
655 _vReading book
942 _cBB
_2ddc
999 _c9493
_d9493